| 000 | 00924nam a2200229 i 4500 | ||
|---|---|---|---|
| 001 | bg | ||
| 100 | 1 | _aPAJĄK, Marta | |
| 245 | 0 |
_aPodstawowe zagadnienia fundamentowania budowli / _cMarta Pająk. |
|
| 260 |
_aKraków : _bAGH [Akademia Górniczo-Hutnicza]. Uczelniane Wydawnictwa Naukowo-Dydaktyczne, _c2006. |
||
| 300 |
_a151, [1] s. : _brys. ; _c24 cm. |
||
| 490 | 1 |
_aSkrypty Uczelniane / Akademia Górniczo-Hutnicza im. Stanisława Staszica w Krakowie, _x0239-6114 ; _v1681 |
|
| 504 | _aBibliogr. | ||
| 650 | 9 | _aFundamenty | |
| 655 | _aPodręczniki akademickie | ||
| 830 | 0 |
_aSkrypty Uczelniane (Akademia Górniczo-Hutnicza im. Stanisława Staszica w Krakowie) ; _v1681 |
|
| 040 | _cBPK | ||
| 041 | 0 | _apol | |
| 080 | _a624.15(075.8) | ||
| 942 | _cKS | ||
| 008 | s pl f |000 0 pol | ||
| 999 |
_c53153 _d53153 |
||
| 856 |
_uhttp://koha.tu.koszalin.pl/cgi-bin/koha/opac-detail.pl?biblionumber=53153 _yKatalog online BPK |
||